Delire mystique, narcissisme et comportements violents

Saved in:  
Bibliographic Details
Main Author: Snyders, Julie (Author)
Format: Electronic Book
Language:English
Published: [Erscheinungsort nicht ermittelbar] Universite de Montreal 2007
In:Year: 2007
Online Access: Volltext (lizenzpflichtig)
Check availability: HBZ Gateway
Subito Delivery Service: Order now.

MARC

LEADER 00000cam a22000002c 4500
001 1912508052
003 DE-627
005 20250124054933.0
007 cr uuu---uuuuu
008 241217s2007 xx |||||o 00| ||eng c
035 |a (DE-627)1912508052 
035 |a (DE-599)KXP1912508052 
040 |a DE-627  |b ger  |c DE-627  |e rda 
041 |a eng 
084 |a 2,1  |2 ssgn 
100 1 |a Snyders, Julie  |e VerfasserIn  |4 aut 
245 1 0 |a Delire mystique, narcissisme et comportements violents 
264 1 |a [Erscheinungsort nicht ermittelbar]  |b Universite de Montreal  |c 2007 
336 |a Text  |b txt  |2 rdacontent 
337 |a Computermedien  |b c  |2 rdamedia 
338 |a Online-Ressource  |b cr  |2 rdacarrier 
787 0 8 |i Forschungsdaten  |a Wolfgang, Marvin E.  |t National Crime Surveys: Index of Crime Severity, 1977  |d [Erscheinungsort nicht ermittelbar] : [Verlag nicht ermittelbar], 1987  |w (DE-627)1840062185 
856 4 0 |u http://hdl.handle.net/1866/17910  |x Resolving-System  |z lizenzpflichtig  |3 Volltext  |7 1 
935 |a mkri 
951 |a BO 
ELC |a 1 
LOK |0 000 xxxxxcx a22 zn 4500 
LOK |0 001 4637473551 
LOK |0 003 DE-627 
LOK |0 004 1912508052 
LOK |0 005 20241217044314 
LOK |0 008 241217||||||||||||||||ger||||||| 
LOK |0 035   |a (DE-2619)ICPSR161340 
LOK |0 040   |a DE-2619  |c DE-627  |d DE-2619 
LOK |0 092   |o n 
LOK |0 852   |a DE-2619 
LOK |0 852 1  |9 00 
LOK |0 935   |a nacp 
LOK |0 939   |a 17-12-24  |b l01 
ORI |a SA-MARC-krimdoka001.raw